000 00532nam a2200205Ia 4500
001 73084
008 160622s9999||||xx |||||||||||||| ||und||
020 _a9781848722682
040 _cPK-LaUMT
082 _a 152.4
_bPOW-C
100 _aPower, Mick
245 _aCognition and emotion
_bfrom order to disorder/
_cPower, Mick|Dalgleish, Tim
250 _a3rd
260 _aLondon,UK:
_bPsychology Press,
_c2016
300 _a460 p.
546 _aEN
650 _aEmotion and cognition
700 _aDalgleish, Tim
942 _cBK
999 _c86193
_d86193